名前に「浦」がつく駅 - Statistics

General Stats
  • This quiz has been taken 114 times
  • The average score is 37 of 103
Answer Stats
Hint Answer % Correct
とさでん交通後免線 | 陸羽東線 北浦
92%
武豊線 東浦
92%
京浜東北線宇都宮線 湘南新宿ライン 浦和
89%
京浜東北線 北浦和
89%
武蔵野線 東浦和
89%
名鉄蒲郡線 西浦
89%
羽越本線 中浦
88%
京浜東北線武蔵野線 南浦和
88%
武蔵野線 西浦和
88%
埼京線武蔵野線 武蔵浦和
85%
埼京線 中浦和
85%
上越新幹線上越線 浦佐
81%
京葉線 新浦安
79%
山陰本線 | 東京メトロ東西線 浦安
79%
埼玉高速鉄道線 浦和美園
75%
因美線 三浦
72%
横須賀線 田浦
71%
松浦鉄道線 松浦
69%
鶴見線 海芝浦
67%
京急久里浜線 三浦海岸
65%
鶴見線 新芝浦
64%
京急本線 浦賀
63%
京急本線 京急田浦
60%
外房線 勝浦
58%
常磐線 土浦
57%
内房線 袖ヶ浦
56%
内房線 | 名鉄常滑線 長浦
53%
予讃線 大浦
53%
長崎本線 浦上
51%
東海道本線 東田子の浦
47%
京急逗子線 六浦
44%
京急本線 屏風浦
43%
ゆいレール てだこ浦西
40%
内房線 | 室蘭本線 富浦
39%
山陽本線 大野浦
39%
根室本線 浦幌
38%
紀勢本線 紀伊勝浦
38%
室蘭本線 豊浦
36%
水島臨海鉄道線 | 筑豊本線 浦田
33%
近鉄鳥羽線 池の浦
32%
ゆりかもめ 芝浦ふ頭
32%
飯田線 浦川
31%
近鉄名古屋線 霞ヶ浦
29%
内房線 和田浦
28%
呉線 安浦
28%
長崎電気軌道 浦上駅前
28%
富山地方鉄道本線 浦山
26%
近鉄名古屋線 長太ノ浦
24%
日本海ひすいライン 浦本
24%
ゆいレール 浦添前田
24%
参宮線 二見浦
22%
長崎本線 肥前大浦
22%
長崎本線 西浦上
22%
鹿島臨海鉄道線 北浦湖畔
22%
山陽電鉄本線 須磨浦公園
22%
五能線 深浦
21%
近鉄名古屋線 鼓ヶ浦
21%
ひたちなか海浜鉄道線 阿字ヶ浦
21%
秩父鉄道線 浦山口
21%
石巻線 浦宿
18%
横浜シーサイドライン 福浦
18%
室蘭本線 竹浦
17%
羽越本線 金浦
17%
紀勢本線 大曽根浦
17%
横浜シーサイドライン 幸浦
17%
松浦鉄道線 小浦
17%
紀勢本線 冷水浦
15%
呉線 吉浦
15%
松浦鉄道線 松浦発電所前
15%
羽越本線 吹浦
14%
長崎本線 肥前七浦
14%
西鉄甘木線 上浦
14%
長崎電気軌道 大浦天主堂
14%
石巻線 万石浦
13%
紀勢本線 紀伊浦神
13%
南海本線 岡田浦
13%
京都丹後鉄道宮豊線 夕日ヶ浦木津温泉
13%
肥薩おれんじ鉄道線 肥後田浦
13%
釧網本線 鱒浦
10%
徳島線 下浦
10%
日豊本線 柳ヶ浦
10%
山陰本線 飯浦
8%
呉線 小屋浦
8%
予讃線 箕浦
8%
南海加太線 磯ノ浦
7%
松浦鉄道線 相浦
7%
長崎電気軌道 浦上車庫
7%
三角線 波多浦
6%
肥薩おれんじ鉄道線 海浦
6%
指宿枕崎線 松ヶ浦
4%
三陸鉄道リアス線 十府ヶ浦海岸
4%
肥薩おれんじ鉄道線 上田浦
4%
肥薩おれんじ鉄道線 湯浦
4%
牟岐線 羽ノ浦
3%
富山地方鉄道富山港線 萩浦小学校前
3%
松浦鉄道線 浦ノ崎
3%
松浦鉄道線 上相浦
1%
長崎電気軌道 大浦海岸通
0%
No matching quizzes found
Score Distribution
Percent of People with Each Score
Percentile by Number Answered
Your Score History
You have not taken this quiz